Statystyki dla Największe miasta w warmińsko-mazurskim wg litery

Kliknij tutaj aby rozwiązać quiz!

Ogólne statystyki

  • Ten quiz został rozwiązany 51 razy
  • Średni wynik to 11 z 18

Statystyki odpowiedzi

LiteraLiczba mieszkańcówMiasto% Poprawnych
E119.097Elbląg
100%
O171.853Olsztyn
100%
I33.315Iława
84%
G29.236Giżycko
77%
M21.448Mrągowo
74%
F2.316Frombork
70%
B23.156Bartoszyce
63%
K26.988Kętrzyn
63%
D21.216Działdowo
60%
P19.162Pisz
60%
W11.233Węgorzewo
58%
L15.628Lidzbark Warmiński
56%
N13.655Nidzica
53%
S23.026Szczytno
53%
R4.550Reszel
40%
J3.142Jeziorany
35%
T2.649Tolkmicko
33%
Z2.137Zalewo
28%

Rozkład punktacji

Percentyl według liczby udzielonych odpowiedzi

Procent ludzi z każdym wynikiem

Twoja historia wyników

Nie rozwiązałeś tego quizu